000
00480nam a2200145Ia 4500
008
100204s9999 xx 000 0 und d
082
_b
10858
100
_a
साळगांवकर द. सा.
245
_a
खाकी वर्दी
260
_b
"चिंतामणी साहित्य सहयोग , कुडाळ"
_c
1988
300
_a
95
630
_a
खाकी वर्दी
730
_a
खाकी वर्दी
942
_c
BOOK
999
_c
455294
_d
455291